ՀՀ Գիտությունների ազգային ակադեմիայի հիմնարար գիտական գրադարան  =   Fundamental Scientific Library of NAS RA

Ժամանակակից վեներոլոգիա : (Record no. 235509)

MARC details
000 -LEADER
fixed length control field 01683nam a2200277 u 4500
001 - CONTROL NUMBER
control field 000582547
003 - CONTROL NUMBER IDENTIFIER
control field AM-YeHGA
005 - DATE AND TIME OF LATEST TRANSACTION
control field 20250618073434.0
008 - FIXED-LENGTH DATA ELEMENTS--GENERAL INFORMATION
fixed length control field 080523s2008 ai |||||r|||||000|0|arm|d
020 ## - INTERNATIONAL STANDARD BOOK NUMBER
International Standard Book Number 9789994184934 (Հ. 1)
020 ## - INTERNATIONAL STANDARD BOOK NUMBER
Canceled/invalid ISBN 978-9939-9009-1-9 (Հ. 2)
040 ## - CATALOGING SOURCE
Original cataloging agency AM-YeHGA
041 0# - LANGUAGE CODE
Language code of text/sound track or separate title arm
090 ## - LOCALLY ASSIGNED LC-TYPE CALL NUMBER (OCLC); LOCAL CALL NUMBER (RLIN)
-- 237074
100 1# - MAIN ENTRY--PERSONAL NAME
Personal name Խաչիկյան, Խաչիկ Մարտինի
9 (RLIN) 6821
245 10 - TITLE STATEMENT
Title Ժամանակակից վեներոլոգիա :
Remainder of title Դասախոսությունների շարք : (Երկու հատորով) /
Statement of responsibility, etc. Խ.Մ. Խաչիկյան ; ՀՀ ԱՆ, Ս.Խ. Ավդալբեկյանի անվան առողջապահության ազգային ինստիտուտ.
246 31 - VARYING FORM OF TITLE
Title proper/short title Contemporary Venerology. Classical veneral diseases
246 31 - VARYING FORM OF TITLE
Title proper/short title Современная венерология. Классические венерические болезни
260 ## - PUBLICATION, DISTRIBUTION, ETC.
Place of publication, distribution, etc. Երևան :
Name of publisher, distributor, etc. Հայրապետ.,
Date of publication, distribution, etc. 2008.
300 ## - PHYSICAL DESCRIPTION
Extent Հատոր ;
Dimensions 23 սմ.
505 10 - FORMATTED CONTENTS NOTE
Miscellaneous information Հ. 1 (2008, 272 էջ)
Title Դասական վեներական հիվանդություններ
Miscellaneous information Հ. 2 (2010, 302 էջ)
Title Մակաբուծային, սնկային, մանրէային և վիրուսային սեռավարակներ
650 14 - SUBJECT ADDED ENTRY--TOPICAL TERM
Topical term or geographic name entry element Վեներոլոգիա (վեներաբանություն)
650 14 - SUBJECT ADDED ENTRY--TOPICAL TERM
Topical term or geographic name entry element Վեներական հիվանդություններ
Form subdivision Պատճառագիտություն
-- Ախտորոշում
-- Թերապիա
710 2# - ADDED ENTRY--CORPORATE NAME
Corporate name or jurisdiction name as entry element Հայաստանի Հանրապետության առողջապահության նախարարություն
710 2# - ADDED ENTRY--CORPORATE NAME
Corporate name or jurisdiction name as entry element Առողջապահության ազգային ինստիտուտ Ս.Խ. Ավդալբեկյանի անվան
Holdings
Withdrawn status Lost status Damaged status Not for loan Collection Home library Current library Date acquired Cost, normal purchase price Serial enumeration / chronology Shelving control number Total checkouts Full call number Barcode Date last seen Price effective from Koha item type Public note
        General Fundamental Scientific Library Fundamental Scientific Library 28/12/2016 3000.00 1     AII/93459 FL0067747 28/12/2016 28/12/2016 Գրքեր / Books 30 Days Loan
        General Fundamental Scientific Library Fundamental Scientific Library 28/12/2016 3000.00 2     AII/95166 FL0143372 28/12/2016 28/12/2016 Գրքեր / Books 30 Days Loan
        General Fundamental Scientific Library Fundamental Scientific Library 28/12/2016 3000.00 2     AII/95167 FL0143373 28/12/2016 28/12/2016 Գրքեր / Books 30 Days Loan


ՀՀ ԳԱԱ հիմնարար գիտական գրադարան
ՀՀ,Երևան 0019
Մարշալ Բաղրամյան 24/6
հեռախոս:(374-10) 52-47-50
Հետադարձ կապ

All site content, except where otherwise noted, is licensed under a
Creative Commons License